000 00805nam a2200265 i 4500
001 bg
100 1 _aSZYMCZAK, Czesław
245 1 0 _aElementy teorii projektowania /
_cCzesław Szymczak ; Politechnika Gdańska.
250 _a[Wyd. 3].
260 _aGdańsk :
_bWydaw. PG,
_c1995.
300 _a231 s. :
_brys., wykr. ;
_c24 cm.
504 _aBibliogr. przy rozdz.
521 _aDla studentów Wydz. Budownictwa Lądowego jako pomoc dydaktyczna do wykładów.
650 9 _aBudownictwo
_xprojekty
650 9 _aOptymalizacja
650 9 _aProjektowanie
_xteoria
655 _aPodręczniki akademickie
020 _a8386537213
040 _cBPK
041 0 _apol
080 _a624.001:519.8](075.8)
920 _a83-86537-21-3
942 _cKS
008 s pl f |000 0 pol
999 _c24856
_d24856
856 _uhttp://koha.tu.koszalin.pl/cgi-bin/koha/opac-detail.pl?biblionumber=24856
_yKatalog online BPK